000 01070nam a22002537a 4500
005 20170124102940.0
010 _a192668
020 _c2.50
035 _a192668
037 _bCen Lib/Ret
040 _aDPL
_bHN
082 _a822
_bश्रिवास्त
100 _aश्रिवास्तव, गणेश प्रसाद
_948208
245 _aसिद्धार्थ का ग्रेह-त्याग :
_cगणेश प्रसाद श्रिवास्तव
_bनाटक /
246 _aSiddarth ka greh-tyag : natak /
_bby Ganesh Prasad Shrivastava
260 _aलखनऊ
_bनवयुग ग्रंथागार
_c1962
270 _aसी ० 747, महानगर
_bलखनऊ
300 _a135पृ.
_c18सेमी (सजिल्द)
650 _aहिन्दी साहित्य
_948209
650 _aहिन्दी--नाटक
_91413
650 _aHindi Literature
_948210
650 _aHindi--Play
_948211
942 _2ddc
_cHN
_h822
_mश्रिवास्त
999 _c112566
_d112566